Movies by Lead Actor and Actress #1 - Statistics

General Stats
  • This quiz has been taken 114 times
  • The average score is 8 of 16
Answer Stats
Actor Actress Year it Came Out Movie They Starred in Together % Correct
Leonardo Dicaprio Kate Winslet 1997 Titanic
97%
Andrew Garfield Emma Stone 2012 The Amazing Spider-Man
83%
Timothee Chalamet Zendaya 2021 Dune
70%
Zac Efron Vanessa Hudgens 2006 High School Musical
66%
Shia LaBeouf Megan Fox 2007 Transformers
65%
Michael J. Fox Lea Thompson 1985 Back to the Future
63%
Ryan Gosling Rachel McAdams 2006 The Notebook
60%
Ryan Reynolds Sandra Bullock 2009 The Proposal
58%
Hugh Jackman Michelle Williams 2017 The Greatest Showman
48%
Ben Stiller Cameron Diaz 1998 There's Something About Mary
44%
Tom Hardy Charlize Theron 2015 Mad Max: Fury Road
38%
Robin Williams Julia Roberts 1991 Hook
34%
Mark Hamill Carrie Fisher 1977 Star Wars: A New Hope
33%
Hugo Weaving Natalie Portman 2004 V For Vendetta
33%
Dwayne Johnson Alexandra Daddario 2015 San Andreas
22%
Ewan McGregor Scarlett Johansson 2005 The Island
18%
No matching quizzes found
Score Distribution
Percent of People with Each Score
Percentile by Number Answered
Your Score History
You have not taken this quiz